"Mid" Countries Quiz - Statistics

General Stats
  • This quiz has been taken 14 times
  • The average score is 5 of 10
Answer Stats
Hint Answer % Correct
GDP per Capita Moldova / Egypt / Peru / Indonesia / Sri Lanka / Mongolia / Fiji / Dominica / Vietnam / Ecuador / Algeria
67%
Total Land Area Tunisia / Bangladesh / Nepal / Tajikistan / Greece / Nicaragua / North Korea / Malawi / Eritrea / Benin / Honduras
67%
FIFA Men's World Rankings Palestine / Angola / Armenia / Belarus / Benin / Trinidad and Tobago / Tajikistan / Kyrgyzstan / Thailand / Kosovo / Kazakhstan
58%
Population Portugal / Hungary / Tajikistan / United Arab Emirates / Belarus / Israel / Togo / Austria / Switzerland / Sierra Leone / Laos
58%
Olympic Medals Won (Total) Zimbabwe / Kyrgyzstan / Cameroon / Moldova / Ecuador / Ghana / Luxembourg / Namibia / Singapore / Vietnam / Qatar / Russian Empire
58%
Human Development Index (HDI) Algeria / Turkmenistan / Guyana / Mongolia / Dominica / Tonga / Jordan / Ukraine / Tunisia / Marshall Islands / Paraguay
42%
Life Expectancy Belarus / Jordan / Seychelles / Trinidad and Tobago / Nicaragua / Vietnam / Belize / Russia / Brunei / Bahamas / Dominican Republic
33%
Median Age of Population Greenland / Wallis and Futuna / Palau / Lebanon / Qatar / Sri Lanka / French Polynesia / Grenada / Saint Martin / Bahrain
33%
FIFA Women's World Rankings Laos / Egypt / Bulgaria / Malaysia / El Salvador / Tonga / Estonia / Nepal / Guam / Kazakhstan / Lithuania
33%
COVID-19 Cases Ethiopia / Reunion / Honduras / Armenia / Bosnia and Herzegovina / Oman / Luxembourg / North Macedonia / Zambia / Kenya / Brunei
25%
No matching quizzes found
Score Distribution
Percent of People with Each Score
Percentile by Number Answered
Your Score History
You have not taken this quiz